01372nam a2200313 i 4500001000200000003000900002005001700011007000300028008004100031040003000072049000600102082002800108245018200136264005900318300003000377336002700407337003300434338002800467590002600495600005300521650003600574651007600610651010100686910001200787942001300799952020300812956002601015999001701041 DO-SdBNP20230512101810.0ta091124t1897 dr ac 000 0 spa d aDO-SdBNPbspacBNPHUerda a  4aRD865.44bU39m 189722210aMensaje del General Ulises Heureaux presidente de la república presentado al Congreso Nacional el 27 de febrero de 1897 y constatación del presidente de este alto cuerpo c  aSanto Domingo :bCuna de América J. R. Roquesc1897. a40 páginas ;b c22 cm. 2rdacontentatextobtxt 2rdamediaasin mediaciónbn 2rdacarrieravolumenbnc aInventariado, 2020/VM14aHeureaux , Ulises d1845-1899vDiscursos977221 4aDiscursos presidenciales910061 4aRepública DominicanaxHistoriay xEnsayos, conferencias, etc.930520 4aRepública DominicanaxPolítica y gobiernoy x Historia 930546vEnsayos, conferencias, etc. a VMateo 2ddccLF2 00102ddc51708PD-RVaBNPHUbBNPHUcCTd2020-11-10eDonaciónoBNPHU PD-RV RD865.44 U39m 1897p2020-0475r2020-11-10w2020-11-10yLF2zPerteneció a la biblioteca personal de Julio Ortega Frier  aInventariado, 2021/BT c49121d49121